000 nam a22 7a 4500
999 _c10123
_d10123
008 180212b ||||| |||| 00| 0 eng d
100 _aSally, V K
_96141
245 _aSally, V K
260 _aNew Delhi
_bGoyal Publication
_c2012